000 00946nam a2200289Ia 4500
003 GCL
008 140319s9999 xx 000 0 ara d
040 _aGCL /
_cGCL
082 0 4 _a001.5
_bع ع
100 1 _aعاطف عدلى العبد
245 1 0 _aعلاقة الطفل المصرى بوسائل الاتصال /
_cعاطف عدلى العبد
260 _aالقاهرة :
_bالهيئة المصرية العامة للكتاب ،
_c1988
300 _a431 ص ؛
_c25 سم
490 _a
650 0 4 _aمصر
650 0 4 _aالراديو
650 0 4 _aالتليفزيون
650 0 4 _aالتسجيلات الصوتية
650 0 4 _aاشرطة التسجيل
650 0 4 _aالاعلام
650 0 4 _aوسائل الاعلام
650 0 4 _aالسينما
650 0 4 _aالوسائل السمعية والبصرية
650 0 4 _aالصحف
650 0 4 _aوسائل الاعلام والطفل
942 _2ddc
_cBK
999 _c28058
_d28058